000 00510nam a2200181Ia 4500
001 13116
005 20260306163030.0
008 260306t2016||||xx |||||||||||||| ||spa||
041 _aESP
082 _aRI 343.334
_bD44
100 _aDefensoria del Pueblo
_eAUT
245 0 _aLas trabajadoras del hogar en el Perú:
_bbalance sobre el cumplimiento de las recomendaciones defensoriales
260 _c2016
300 _a99 páginas :
_c24 cm.
650 _aGEN
654 _aCDE
942 _cLIB
_dJUS
_fJUS
_2ddc
_n
999 _c13116
_d13116